000 00479nam a2200181Ia 4500
005 20250326142603.0
008 250326s9999 xx 000 0 und d
037 _aTextbook
040 _aFMSL
_beng
_cFMSL
041 _aeng
_2eng
084 _aX:72 M3
_qFMSL
100 _aGodley W
_9746270
245 0 _aMacroeconomics
_cGodley W; Cripps F
260 _aOxford
_bOxford, univ press
_c1983
300 _a315p
942 _cTB
_hX:72 M3
999 _c1295709
_d1295709